|
|
|
|
| LEADER |
01086nam a2200289 a 4500 |
| 001 |
1768209 |
| 008 |
100401r19681967enk b 000 0 eng d |
| 010 |
|
|
|a \\\76383759
|
| 020 |
|
|
|a 0090405137
|
| 020 |
|
|
|a 090405137
|
| 020 |
|
|
|a 090405145
|
| 040 |
|
|
|a DLC
|c DLC
|d DLC
|d BD-DhAAL
|
| 082 |
0 |
0 |
|a 821/.7/09
|2 17
|
| 100 |
1 |
|
|a Hough, Graham Goulden,
|d 1908-
|
| 245 |
1 |
4 |
|a The Romantic poets /
|c by Graham Hough.
|
| 250 |
|
|
|a 3rd ed.
|
| 260 |
|
|
|a London :
|b Hutchinson,
|c 1967 [reprinted 1968].
|
| 300 |
|
|
|a vi, 7-200 p. ;
|c 18 cm.
|
| 490 |
0 |
|
|a Hutchinson's university library: English literature
|
| 504 |
|
|
|a Bibliography: p. 195-197.
|
| 541 |
1 |
|
|e 00009295
|
| 650 |
|
0 |
|a English poetry
|y 19th century
|x History and criticism.
|
| 650 |
|
0 |
|a English poetry
|y 18th century
|x History and criticism.
|
| 650 |
|
0 |
|a Romanticism
|z Great Britain.
|
| 852 |
4 |
|
|a Ayesha Abed Library
|j General Shelf
|
| 999 |
|
|
|c 7939
|d 7939
|
| 952 |
|
|
|0 0
|1 0
|2 ddc
|4 0
|6 821_709000000000000_GRA_1968
|7 0
|9 8921
|a BRACUL
|b BRACUL
|c GEN
|d 2010-04-01
|l 8
|m 43
|o 821.709 GRA
|p 3010009295
|q 2026-05-21
|r 2025-10-20
|s 2025-10-20
|t 1
|w 2010-04-01
|y BK
|